[Event "4NCL-9899B BCCA-IK2"]
[Site "Rd10-Birmingham"]
[Date "1999.05.02"]
[Round "10.4"]
[White "Horton, David"]
[Black "Donnelly, MJ."]
[Result "1/2-1/2"]
[WhiteElo "2016"]
[BlackElo "2064"]
[PlyCount "104"]
[EventDate "1999.05.02"]

1. d4 Nf6 2. c4 e6 3. Nc3 c5 4. d5 exd5 5. cxd5 d6 6. e4 g6 7. Nf3 Bg7 8. Be2
O-O 9. O-O a6 10. a4 Bg4 11. Re1 Nbd7 12. Bg5 Qc7 13. Nd2 Bxe2 14. Qxe2 Rfe8
15. Nc4 Nxe4 16. Nxe4 f5 17. Ncxd6 fxe4 18. Nxe8 Rxe8 19. Qc4 Qe5 20. Be3 Qxb2
{(Draw offer)} 21. d6+ Kh8 22. Qf7 Rd8 23. Qe7 Bf6 24. Qxe4 Qb4 25. Qxb4 cxb4
26. Rab1 Bc3 27. Red1 a5 28. Bd4+ Bxd4 29. Rxd4 Nc5 30. Ra1 Nb3 31. Rad1 Nxd4
32. Rxd4 Kg7 33. f4 Kf7 34. Rd5 b6 35. f5 gxf5 36. Rxf5+ Ke6 37. Rb5 Rxd6 38.
g4 Kf6 39. h4 Kg7 40. Kf2 {(Draw offer)} Rc6 41. Ke3 h6 42. Kd4 Rg6 43. g5 hxg5
44. hxg5 Rc6 45. Kd3 Rc3+ 46. Kd2 Ra3 47. Rxb6 Rxa4 48. Kc2 Ra2+ 49. Kb1 Ra3
50. Kb2 Rg3 51. Rb5 Kg6 52. Rxa5 Rxg5 1/2-1/2

[Event "4NCL-9899B BCCA-IK2"]
[Site "Rd10-Birmingham"]
[Date "1999.05.02"]
[Round "10.5"]
[White "Hardman, Michael"]
[Black "Noakes, Matthew"]
[Result "0-1"]
[WhiteElo "1928"]
[BlackElo "2016"]
[PlyCount "66"]
[EventDate "1999.05.02"]

1. e4 e5 2. Bc4 Bc5 3. d3 d6 4. Nf3 Nf6 5. O-O Nc6 6. c3 Qe7 7. b4 Bb6 8. a4 a5
9. b5 Nb8 10. Ba3 Bg4 11. h3 Bh5 12. Nbd2 h6 13. g4 Bg6 14. Nh4 Bh7 15. Nf5
Bxf5 16. exf5 Nbd7 17. Ba2 O-O-O 18. Nc4 Nh7 19. Nxb6+ Nxb6 20. Qf3 h5 21. f6
Qxf6 22. Qxf6 gxf6 23. f4 hxg4 24. Bxf7 gxh3 25. Be6+ Kb8 26. Bc1 Nf8 27. Bf5
Nfd7 28. Kh2 Nc5 29. Ra2 Nd5 30. c4 Ne7 31. Bxh3 Nxd3 32. Be3 Rh7 33. Rf3 e4
0-1

[Event "4NCL-9899B BCCA-IK2"]
[Site "Rd10-Birmingham"]
[Date "1999.05.02"]
[Round "10.6"]
[White "Richards, Paul"]
[Black "Phillips, David A"]
[Result "0-1"]
[WhiteElo "1528"]
[BlackElo "2000"]
[PlyCount "56"]
[EventDate "1999.05.02"]

1. e4 d5 2. exd5 Nf6 3. Nc3 Nxd5 4. Nxd5 Qxd5 5. Nf3 Nc6 6. Be2 e5 7. d3 Bg4 8.
O-O Be7 9. b3 O-O-O 10. Bb2 e4 11. Ne1 Bxe2 12. Qxe2 f5 13. dxe4 fxe4 14. c4
Nd4 15. Qg4+ Qf5 16. Qxg7 Bf6 17. Qh6 Ne2+ 18. Kh1 Bxb2 19. Rb1 Be5 20. Nc2 Bf4
21. Ne3 Bxh6 22. Nxf5 Bd2 23. Rb2 Rhf8 24. Ne7+ Kb8 25. Nd5 Rxd5 26. cxd5 e3
27. g3 Nc1 28. Rd1 Rxf2 0-1

[Event "4NCL-9899B BCCA-IK2"]
[Site "Rd10-Birmingham"]
[Date "1999.05.02"]
[Round "10.7"]
[White "Brotherton, T."]
[Black "Howell, David"]
[Result "1/2-1/2"]
[WhiteElo "1952"]
[BlackElo "1432"]
[PlyCount "62"]
[EventDate "1999.05.02"]

1. Nf3 Nf6 2. c4 g6 3. b3 Bg7 4. Bb2 O-O 5. g3 d5 6. Bg2 c5 7. O-O Nc6 8. cxd5
Nxd5 9. Bxg7 Kxg7 10. d4 cxd4 11. Nxd4 Nc3 12. Nxc3 Qxd4 13. Qxd4+ Nxd4 14. e3
Nc6 15. Nd5 Rd8 16. Rac1 Bh3 17. Bxh3 Rxd5 18. Bg2 Rd6 19. Rfd1 Rad8 20. Rxd6
Rxd6 21. Bf3 f5 22. Rc5 Kf6 23. Kf1 e5 24. g4 e4 25. Be2 Ne5 26. g5+ Ke6 27.
Bc4+ Nxc4 28. Rxc4 Rd1+ 29. Kg2 Kd7 30. Rc2 Kd8 31. h3 Kd7 1/2-1/2

[Event "4NCL-9899B BIG2-SL2"]
[Site "Rd10-Birmingham"]
[Date "1999.05.02"]
[Round "10.1"]
[White "Hadzimanolis, Antonis"]
[Black "Houska, Jovanka"]
[Result "1/2-1/2"]
[WhiteElo "2190"]
[BlackElo "2286"]
[PlyCount "63"]
[EventDate "1999.05.02"]

1. e4 d5 2. exd5 Qxd5 3. Nc3 Qa5 4. d4 Nf6 5. Bc4 c6 6. Nge2 Bf5 7. O-O e6 8.
Bf4 Be7 9. Ng3 Bg6 10. Bd3 Nd5 11. Nxd5 cxd5 12. Nh5 O-O 13. Be5 f6 14. Bxb8
Bxd3 15. Qxd3 Raxb8 16. Rfe1 Qb6 17. Nf4 Qxb2 18. Nxe6 Rfe8 19. Nc7 Red8 20.
Ne6 Re8 21. Nc7 Red8 22. Rab1 Qa3 23. Qxa3 Bxa3 24. Nb5 Bf8 25. Nxa7 Rd6 26.
Nb5 Rc6 27. c3 Ra8 28. Re2 Kf7 29. Kf1 Ra5 30. Reb2 b6 31. Ke2 Rc4 32. Kd3
1/2-1/2

[Event "4NCL-9899B BIG2-SL2"]
[Site "Rd10-Birmingham"]
[Date "1999.05.02"]
[Round "10.2"]
[White "Richmond, Robert"]
[Black "Grinsell, Lee"]
[Result "1-0"]
[WhiteElo "2112"]
[BlackElo "2195"]
[PlyCount "65"]
[EventDate "1999.05.02"]

1. d4 Nf6 2. c4 e6 3. Nc3 d5 4. Nf3 Be7 5. Bf4 c6 6. e3 Nbd7 7. Rc1 O-O 8. h3
a6 9. Qc2 Re8 10. cxd5 exd5 11. Bd3 Nf8 12. O-O Be6 13. Na4 N6d7 14. Ne5 Nxe5
15. Bxe5 Bd6 16. Bxd6 Qxd6 17. Nc5 Rab8 18. b4 h6 19. a4 Qd8 20. Rb1 Nd7 21.
Rb2 Qh4 22. Rfb1 Nf6 23. Nxe6 Rxe6 24. b5 cxb5 25. axb5 axb5 26. Rxb5 g5 27.
Qc7 Rbe8 28. Rxb7 R6e7 29. Qxe7 Rxe7 30. Rxe7 g4 31. g3 Qxh3 32. Rbb7 Qh5 33.
Re5 1-0

[Event "4NCL-9899B BIG2-SL2"]
[Site "Rd10-Birmingham"]
[Date "1999.05.02"]
[Round "10.3"]
[White "Evans, Raymond"]
[Black "Wells, Noemi"]
[Result "1/2-1/2"]
[WhiteElo "2159"]
[BlackElo "2150"]
[PlyCount "102"]
[EventDate "1999.05.02"]

1. e4 c5 2. Nf3 Nc6 3. d4 cxd4 4. Nxd4 Nf6 5. Nc3 d6 6. Bg5 e6 7. Qd2 a6 8.
O-O-O Bd7 9. f4 b5 10. Bxf6 gxf6 11. Kb1 Qb6 12. Nf3 b4 13. Ne2 Be7 14. f5 e5
15. Ng3 h5 16. Bc4 Rc8 17. Qd5 Nd8 18. Nf1 Bc6 19. Qd3 Nb7 20. N3d2 Nc5 21. Qf3
Qb7 22. Re1 Bd8 23. h4 a5 24. Ng3 a4 25. Nxh5 b3 26. axb3 Ra8 27. g4 Rg8 28.
Bd5 axb3 29. Nxb3 Bxd5 30. exd5 Qa7 31. Kc1 Nxb3+ 32. Qxb3 Rb8 33. Qa3 Qxa3 34.
bxa3 Rxg4 35. Reg1 Ra4 36. Rh3 Rd4 37. Rg8+ Ke7 38. Rb3 Rxb3 39. cxb3 Rxh4 40.
Nxf6 Kxf6 41. Rxd8 Kxf5 42. Rxd6 Ke4 43. Rf6 Kxd5 44. Rxf7 Rh2 45. Rd7+ Kc5 46.
Rd2 Rh3 47. Kc2 e4 48. Rd8 Rh2+ 49. Kc3 Rh3+ 50. Kc2 Rh2+ 51. Rd2 Rh3 1/2-1/2

[Event "4NCL-9899B BIG2-SL2"]
[Site "Rd10-Birmingham"]
[Date "1999.05.02"]
[Round "10.4"]
[White "Mashayekh, Majid"]
[Black "Taylor, Peter P"]
[Result "0-1"]
[WhiteElo "2065"]
[BlackElo "2150"]
[PlyCount "72"]
[EventDate "1999.05.02"]

1. d4 d5 2. Nf3 Nf6 3. c4 c6 4. Nc3 a6 5. cxd5 cxd5 6. g3 e6 7. Bg2 Nc6 8. Bg5
Be7 9. O-O h6 10. Bf4 O-O 11. Rc1 Bd7 12. Ne5 Rc8 13. Nxd7 Nxd7 14. Be3 Nb6 15.
Rb1 Bf6 16. Na4 Nxa4 17. Qxa4 Qb6 18. Rfd1 Qb5 19. Qxb5 axb5 20. Rd2 Ra8 21. a3
Ra4 22. Rbd1 Rfa8 23. Rd3 b4 24. b3 Rxa3 25. Bf4 Bxd4 26. e4 e5 27. exd5 Na5
28. d6 Nxb3 29. Be3 Rd8 30. Bd5 Nc5 31. Rxa3 bxa3 32. Bxd4 exd4 33. Rxd4 Rxd6
34. Bxf7+ Kxf7 35. Rxd6 a2 36. Rd1 Nb3 0-1

[Event "4NCL-9899B BIG2-SL2"]
[Site "Rd10-Birmingham"]
[Date "1999.05.02"]
[Round "10.5"]
[White "Richardson, Alex"]
[Black "De Coverly, Roger"]
[Result "0-1"]
[WhiteElo "2130"]
[BlackElo "2110"]
[PlyCount "80"]
[EventDate "1999.05.02"]

1. c4 Nf6 2. Nc3 g6 3. d4 Bg7 4. e4 d6 5. Nf3 O-O 6. Be2 e5 7. O-O Nc6 8. d5
Ne7 9. Ne1 Ne8 10. Be3 f5 11. f3 f4 12. Bf2 g5 13. c5 Ng6 14. a4 h5 15. a5 Nf6
16. h3 Rf7 17. cxd6 cxd6 18. Nc2 g4 19. fxg4 hxg4 20. hxg4 Qd7 21. Na3 Bf8 22.
Nc4 Rg7 23. Qa4 Qe7 24. Qd1 Nh8 25. Bh4 Rh7 26. g3 Ng6 27. Bg5 Qg7 28. Kg2 Be7
29. Rh1 fxg3 30. Rxh7 Nxh7 31. Be3 Bd7 32. Qh1 Nf4+ 33. Bxf4 exf4 34. e5 dxe5
35. Qh5 Ng5 36. Nd2 Rf8 37. Rf1 Be8 38. Qh1 Bg6 39. Bc4 Bd6 40. Qh4 Qf6 0-1

[Event "4NCL-9899B BIG2-SL2"]
[Site "Rd10-Birmingham"]
[Date "1999.05.02"]
[Round "10.6"]
[White "Crichton, Martin"]
[Black "Bourne, James"]
[Result "1/2-1/2"]
[WhiteElo "2030"]
[BlackElo "2085"]
[PlyCount "73"]
[EventDate "1999.05.02"]

1. e4 c6 2. d4 d5 3. exd5 cxd5 4. Bd3 Nf6 5. Nf3 Nc6 6. c3 Bg4 7. h3 Bh5 8.
Nbd2 e6 9. Qa4 Bd6 10. Ne5 Bxe5 11. dxe5 Nd7 12. g4 Ncxe5 13. Bb5 Bg6 14. Bxd7+
Qxd7 15. Qxd7+ Kxd7 16. O-O Nd3 17. Nf3 f6 18. Nh4 Nxc1 19. Raxc1 Rad8 20. Rfe1
Rhe8 21. Ng2 Kc7 22. Nf4 e5 23. Ng2 a5 24. a3 b5 25. Ne3 Kb6 26. f4 d4 27. cxd4
Rxd4 28. f5 Bf7 29. Rc2 Red8 30. Rec1 R4d6 31. Rc5 R8d7 32. R5c3 Bd5 33. a4
bxa4 34. Rd3 Kb7 35. Rcd1 Kc6 36. Rc3+ Kb7 37. Rcd3 1/2-1/2

[Event "4NCL-9899B BIG2-SL2"]
[Site "Rd10-Birmingham"]
[Date "1999.05.02"]
[Round "10.7"]
[White "Crombleholme, Alan"]
[Black "Armstrong, Malcolm"]
[Result "0-1"]
[WhiteElo "2065"]
[BlackElo "1976"]
[PlyCount "70"]
[EventDate "1999.05.02"]

1. c4 e6 2. g3 d5 3. Nf3 Nf6 4. Bg2 Nbd7 5. b3 Be7 6. O-O O-O 7. Qc2 c5 8. d4
b6 9. Nc3 Bb7 10. cxd5 Nxd5 11. Nxd5 Bxd5 12. e4 Bb7 13. Rd1 Rc8 14. dxc5 Qc7
15. b4 bxc5 16. b5 Nf6 17. Re1 Rfd8 18. Bf4 Qb6 19. a4 c4 20. Bf1 Bc5 21. a5
Qxb5 22. Rab1 Qa6 23. Ne5 Rd4 24. Bxc4 Qxa5 25. Qb3 Bxe4 26. Bxe6 Bxb1 27. Rxb1
Rb4 28. Bxf7+ Kf8 29. Qd3 Rxb1+ 30. Qxb1 Qb6 31. Qf5 Rd8 32. Be6 Bxf2+ 33. Kg2
Bd4 34. Nc4 Qc6+ 35. Kh3 Ke7 0-1

[Event "4NCL-9899B BIG2-SL2"]
[Site "Rd10-Birmingham"]
[Date "1999.05.02"]
[Round "10.8"]
[White "Ghasi, Ameet"]
[Black "Bhatia, Anwal"]
[Result "1-0"]
[WhiteElo "1848"]
[BlackElo "1864"]
[PlyCount "209"]
[EventDate "1999.05.02"]

1. Nf3 Nf6 2. d4 c5 3. c3 b6 4. Bg5 Bb7 5. Nbd2 g6 6. e3 Bg7 7. Bd3 O-O 8. O-O
d6 9. Qe2 Nbd7 10. e4 e5 11. dxe5 dxe5 12. Rfd1 Qc7 13. a4 Rfe8 14. Bc4 Nf8 15.
Bxf6 Bxf6 16. Nf1 Ne6 17. Qe3 Qc8 18. Ng3 Nf4 19. h3 Rd8 20. Ne2 Qc7 21. Kh2
Bg7 22. g3 Nh5 23. Ne1 Nf6 24. f3 h6 25. Nc2 Nh7 26. Ng1 Qe7 27. Qe2 Rd6 28.
Rxd6 Qxd6 29. Rd1 Qe7 30. Qd2 Nf6 31. Ne3 Qf8 32. Ne2 h5 33. Qd3 Bh6 34. Nc2
Re8 35. Na3 Qg7 36. Nb5 Rf8 37. Nxa7 g5 38. g4 hxg4 39. hxg4 Qg6 40. Ng3 Kh7
41. Kg2 Rh8 42. Rh1 Ra8 43. Nb5 Ng8 44. Nf5 Bc8 45. Nbd6 Be6 46. Nxh6 Nxh6 47.
Nf5 Bxf5 48. exf5 Qf6 49. Rd1 Rxa4 50. Bb5 Ra2 51. Qb1 Ra8 52. Rd5 Rd8 53. Qd3
Rxd5 54. Qxd5 Ng8 55. Bc4 Kg7 56. Bd3 Ne7 57. Qd7 Ng8 58. Qc7 Ne7 59. Be4 Kf8
60. Kf2 Ng8 61. Ke3 Qh6 62. Qb8+ Kg7 63. Qxe5+ Nf6 64. Kd2 Qh4 65. Bc6 Qh1 66.
Qe1 Qh2+ 67. Kc1 Qf4+ 68. Qd2 Qxd2+ 69. Kxd2 Kf8 70. Ke3 Ke7 71. Kd3 Kd6 72.
Ba8 Nd7 73. Ke4 Ne5 74. Bd5 f6 75. Be6 b5 76. b3 b4 77. cxb4 cxb4 78. Bc8 Kc5
79. Ba6 Nc6 80. Be2 Nd4 81. Bd1 Nb5 82. Ke3 Nc3 83. Bc2 Kd5 84. f4 gxf4+ 85.
Kxf4 Kd6 86. g5 fxg5+ 87. Kxg5 Nd5 88. Be4 Nc7 89. Bd3 Ke7 90. f6+ Kf8 91. Kf5
Nd5 92. Bc4 Nxf6 93. Kxf6 Ke8 94. Ke6 Kd8 95. Kd6 Kc8 96. Kc5 Kb8 97. Kxb4 Kb7
98. Kc5 Kb8 99. b4 Kb7 100. b5 Kb8 101. b6 Kb7 102. Bd5+ Kb8 103. Kc6 Kc8 104.
Be6+ Kb8 105. b7 1-0

[Event "4NCL-9899B COU-BR2"]
[Site "Rd10-Birmingham"]
[Date "1999.05.02"]
[Round "10.1"]
[White "Houska, Miroslav"]
[Black "Jakubovics, Nick"]
[Result "1/2-1/2"]
[WhiteElo "2370"]
[BlackElo "2210"]
[PlyCount "151"]
[EventDate "1999.05.02"]

1. d4 d5 2. c4 e6 3. Nc3 c6 4. g3 Nf6 5. Bg2 Nbd7 6. Nf3 dxc4 7. a4 Bb4 8. O-O
O-O 9. Qc2 Qe7 10. e4 e5 11. Na2 Ba5 12. Qxc4 Nxe4 13. dxe5 Ndc5 14. Nd4 Nd2
15. Bxd2 Bxd2 16. b4 Ne6 17. Nb3 Bh6 18. f4 g6 19. Nc3 Nc7 20. Nc5 Rb8 21. N3e4
Nd5 22. Rae1 b6 23. Nd3 Be6 24. Qxc6 Nxb4 25. Nxb4 Qxb4 26. Nf6+ Kh8 27. g4 Bg7
28. f5 gxf5 29. gxf5 Bxf5 30. Qf3 Bg6 31. Kh1 Rbd8 32. Nd5 Qh4 33. Qe3 Rfe8 34.
Qc3 Qg5 35. Nf6 Rd2 36. Qc6 Red8 37. Rg1 Qh4 38. Qc7 Bxf6 39. exf6 Qxf6 40.
Qxa7 Rf2 41. Qb7 Kg7 42. Rgf1 Rdd2 43. Rxf2 Rxf2 44. Qc6 Qxc6 45. Bxc6 Rc2 46.
Be4 Rc4 47. Bxg6 hxg6 48. Rb1 Rxa4 49. Rxb6 Ra2 50. Kg1 f5 51. Rb5 Kf6 52. Rb6+
Kg5 53. Rc6 Kh5 54. Rc5 Kg4 55. Rc4+ f4 56. Rc3 g5 57. Rb3 Rc2 58. Ra3 Rc1+ 59.
Kg2 Rc2+ 60. Kg1 Rb2 61. Rc3 Re2 62. Ra3 Kh4 63. Rb3 Kg4 64. Ra3 Re3 65. Ra2
Kh3 66. Ra5 Kg4 67. Ra2 Kf3 68. Rf2+ Ke4 69. Rg2 Kf5 70. Ra2 g4 71. Kg2 f3+ 72.
Kg3 Re1 73. Ra5+ Re5 74. Ra4 Re4 75. Ra5+ Re5 76. Ra4 1/2-1/2

[Event "4NCL-9899B COU-BR2"]
[Site "Rd10-Birmingham"]
[Date "1999.05.02"]
[Round "10.2"]
[White "Easton, Alex"]
[Black "Wall, Tim"]
[Result "0-1"]
[WhiteElo "2160"]
[BlackElo "2367"]
[PlyCount "64"]
[EventDate "1999.05.02"]

1. Nf3 d6 2. d4 Nf6 3. c4 g6 4. Nc3 Bg7 5. e4 O-O 6. Be2 c5 7. O-O cxd4 8. Nxd4
Nc6 9. Be3 Bd7 10. Qd2 Nxd4 11. Bxd4 Bc6 12. f3 a5 13. b3 Nd7 14. Be3 Nc5 15.
Rab1 Qb6 16. Nb5 Rfc8 17. Rfc1 Qd8 18. Nd4 Bd7 19. Bf1 h5 20. Rc2 Kh7 21. a3
Qh8 22. b4 axb4 23. axb4 Ne6 24. Nxe6 Bxe6 25. f4 Ra3 26. Bd3 Bd4 27. Rbc1 Bd7
28. e5 dxe5 29. fxe5 Bxe5 30. Bf2 Rd8 31. Be4 Ba4 32. Qe2 Bxc2 0-1

[Event "4NCL-9899B COU-BR2"]
[Site "Rd10-Birmingham"]
[Date "1999.05.02"]
[Round "10.3"]
[White "Pigott, John"]
[Black "Buckley, Simon"]
[Result "1-0"]
[WhiteElo "2372"]
[BlackElo "2144"]
[PlyCount "103"]
[EventDate "1999.05.02"]

1. d4 Nf6 2. c4 g6 3. Nc3 Bg7 4. e4 d6 5. f3 O-O 6. Be3 c5 7. Nge2 Qa5 8. d5 a6
9. a4 e6 10. Ng3 Re8 11. Be2 exd5 12. cxd5 Nbd7 13. O-O Rb8 14. Qc2 Qd8 15. Qd2
Nf8 16. Rab1 b6 17. Nh1 Bb7 18. Nf2 N8d7 19. Bg5 Qe7 20. Kh1 Qf8 21. f4 Rbc8
22. Bc4 h5 23. Rbe1 Nh7 24. Bh4 Bh6 25. Nh3 Ne5 26. Be2 Rc7 27. Qd1 Nd7 28. Bc4
Bc8 29. Bg3 Bg7 30. e5 dxe5 31. f5 g5 32. Qxh5 Ndf6 33. Qd1 g4 34. Nf2 Bxf5 35.
Bxa6 Rd8 36. Rxe5 Bg6 37. Ree1 Rcd7 38. Bb5 Rxd5 39. Nxd5 Nxd5 40. Qxg4 Bd4 41.
Nd1 Qg7 42. b3 Nhf6 43. Qh4 Bc2 44. Rf3 Ne7 45. Rxe7 Bxd1 46. Rf5 Bc2 47. Rg5
Bg6 48. Bc4 Bc3 49. h3 Rd1+ 50. Kh2 Bd4 51. Be1 Be3 52. Rxe3 1-0

[Event "4NCL-9899B COU-BR2"]
[Site "Rd10-Birmingham"]
[Date "1999.05.02"]
[Round "10.4"]
[White "Dilleigh, Stephen"]
[Black "Dunworth, Chris"]
[Result "1/2-1/2"]
[WhiteElo "2215"]
[BlackElo "2305"]
[PlyCount "127"]
[EventDate "1999.05.02"]

1. d4 Nf6 2. c4 e6 3. Nc3 Bb4 4. e3 b6 5. Nge2 Ne4 6. Bd2 Nxd2 7. Qxd2 O-O 8.
a3 Be7 9. Ng3 Bb7 10. d5 d6 11. Be2 e5 12. O-O Nd7 13. f4 a5 14. Qc2 Bh4 15.
Nge4 f5 16. Nd2 e4 17. Nb3 a4 18. Nd4 Nc5 19. Ncb5 Bc8 20. g3 Bf6 21. h4 Bd7
22. Rf2 g6 23. Rh2 Kf7 24. Kh1 {(Draw offer)} h5 25. Rd1 Kg7 26. Bf1 Kh6 27.
Be2 Re8 28. Bf1 Qc8 29. Be2 Qb7 30. Bf1 Ra5 31. Qd2 Rd8 32. Kg1 Kg7 33. Rf2 Kh6
34. Rh2 Raa8 35. Qc2 Rac8 36. Rhd2 Kg7 37. Kh1 Kh6 38. Kg1 Kh7 39. Kh2 Kg7 40.
Kg1 Kf7 41. Kh2 Be8 42. Kg1 Kg7 43. Kh2 Kh7 44. Kg1 Kh6 45. Kh2 Ra8 46. Kg1 Qc8
47. Kh2 Rd7 48. Kg1 Rg7 49. Kh1 Qd8 50. Rh2 Qe7 51. Qf2 Kh7 52. Qc2 Qf8 53. Qf2
Rd7 54. Qc2 Qg7 55. Kg1 Rdd8 56. Kh1 Kg8 57. Kg1 Kh8 58. Kh1 Kh7 59. Kg1 Rac8
60. Kh1 Kg8 61. Kg1 Kh8 62. Kh1 Kh7 63. Kg1 Qf7 64. Rhd2 1/2-1/2

[Event "4NCL-9899B COU-BR2"]
[Site "Rd10-Birmingham"]
[Date "1999.05.02"]
[Round "10.5"]
[White "Harley, Andrew"]
[Black "Hanley, Craig"]
[Result "1/2-1/2"]
[WhiteElo "2305"]
[BlackElo "2110"]
[PlyCount "134"]
[EventDate "1999.05.02"]

1. e4 e6 2. d4 d5 3. Nc3 Nf6 4. Bg5 Be7 5. e5 Nfd7 6. Bxe7 Qxe7 7. f4 O-O 8.
Nf3 c5 9. Qd2 Nc6 10. dxc5 Qxc5 11. O-O-O Rb8 12. Bd3 f6 13. exf6 Nxf6 14. Rhe1
b5 15. Ne2 Kh8 16. Qc3 Qb6 17. Ned4 Nxd4 18. Qxd4 Bd7 19. Qxb6 Rxb6 20. g3 Rc8
21. Nd4 Kg8 22. Re2 Kf7 23. Rde1 a6 24. Nf3 Re8 25. Ne5+ Ke7 26. Nxd7 Kxd7 27.
f5 exf5 28. Bxf5+ Kd8 29. Rxe8+ Nxe8 30. Bxh7 Rh6 31. Bd3 Rxh2 32. Re5 Nc7 33.
Rg5 Ne6 34. Rxd5+ Ke7 35. Bf5 Nf8 36. Bc8 Rh6 37. Rg5 Kf7 38. Rf5+ Ke7 39. Rg5
Kf7 40. Rc5 Ne6 41. Rf5+ Kg8 42. Bxa6 Nd4 43. Rd5 Rxa6 44. Rxd4 Rxa2 45. Rd5
Ra1+ 46. Kd2 Rg1 47. Rxb5 Rxg3 48. Rb7 Kf8 49. c4 Ke8 50. c5 Kd8 51. b4 Kc8 52.
c6 g5 53. Kc2 Rf3 {(Draw offer)} 54. Rb5 Kc7 55. Rc5 Rf8 56. b5 Rg8 57. Kd3 g4
58. Rc1 g3 {(Draw offer)} 59. Ke2 Rf8 60. Rf1 g2 61. Rg1 Kb6 62. Rxg2 Kxb5 63.
c7 Rc8 64. Ke3 Rxc7 65. Rb2+ Kc5 66. Rc2+ Kd6 67. Rxc7 Kxc7 1/2-1/2

[Event "4NCL-9899B COU-BR2"]
[Site "Rd10-Birmingham"]
[Date "1999.05.02"]
[Round "10.6"]
[White "Buckley, David"]
[Black "Rosen, Daniel"]
[Result "0-1"]
[WhiteElo "2143"]
[BlackElo "2228"]
[PlyCount "102"]
[EventDate "1999.05.02"]

1. d4 f5 2. Nc3 d5 3. e4 dxe4 4. Bg5 Nc6 5. d5 Ne5 6. Qd4 Nf7 7. Bf4 Nf6 8. Nb5
Nd6 9. Nxa7 Bd7 10. Bxd6 exd6 11. Nb5 Bxb5 12. Bxb5+ c6 13. Bc4 b5 14. Be2 Nxd5
15. Bh5+ Kd7 16. Nh3 Qb6 17. Qd1 g6 18. Be2 Ra4 19. O-O Bh6 20. c4 Nc7 21. Qb3
Ke7 22. cxb5 cxb5 23. Rac1 Bxc1 24. Rxc1 Ne6 25. Bxb5 Ra5 26. Qc3 Rb8 27. a4
Rxb5 28. axb5 Qxb5 29. Qg3 Qxb2 30. Rd1 Qd4 31. Qh4+ Kf8 32. Qh6+ Kg8 33. Rc1
Qg7 34. Qe3 Qe5 35. g3 d5 36. Qa7 Qd6 37. Ra1 d4 38. Kg2 Rd8 39. Ra6 Qc7 40.
Qb6 Qxb6 41. Rxb6 d3 42. Rb1 Rc8 43. Kf1 Kg7 44. Rd1 Kf6 45. Ng1 Rc2 46. Ra1 g5
47. Ke1 g4 48. h3 h5 49. hxg4 hxg4 50. Kf1 Ke5 51. Ra5+ Nc5 0-1

[Event "4NCL-9899B COU-BR2"]
[Site "Rd10-Birmingham"]
[Date "1999.05.02"]
[Round "10.7"]
[White "Ledger, David"]
[Black "Grossett, Duncan"]
[Result "0-1"]
[WhiteElo "2208"]
[BlackElo "2048"]
[PlyCount "80"]
[EventDate "1999.05.02"]

1. e4 g6 2. Nc3 Bg7 3. g3 d6 4. Bg2 Nc6 5. Nge2 e5 6. d3 Nge7 7. O-O O-O 8. f4
f5 9. fxe5 Nxe5 10. d4 Ng4 11. h3 Nf6 12. e5 Ne4 13. Nxe4 fxe4 14. Rxf8+ Kxf8
15. exd6 Qxd6 16. Bf4 Qb6 17. Qd2 Be6 18. c3 Rd8 19. Bg5 Rd6 20. Rf1+ Ke8 21.
b3 c5 22. Be3 cxd4 23. Nxd4 Bxd4 24. Bxd4 Nc6 25. Rf8+ Kd7 26. Qh6 Nxd4 27.
Qxh7+ Kc6 28. cxd4 Qxd4+ 29. Kh2 Bd7 30. Qh4 Bf5 31. Qf4 Qd2 32. Qe5 Qd4 33.
Qe8+ Kb6 34. a4 a6 35. Qb8 Rd7 36. Rc8 Qd6 37. Qa8 a5 38. Rc4 Rd8 39. Rb4+ axb4
40. a5+ Kc6 0-1

[Event "4NCL-9899B COU-BR2"]
[Site "Rd10-Birmingham"]
[Date "1999.05.02"]
[Round "10.8"]
[White "Tidman, Sophie"]
[Black "Turvey, Syringa"]
[Result "1/2-1/2"]
[WhiteElo "1752"]
[BlackElo "1568"]
[PlyCount "92"]
[EventDate "1999.05.02"]

1. e4 c5 2. Nf3 d6 3. d4 cxd4 4. Nxd4 Nf6 5. Nc3 a6 6. f4 b5 7. a3 Qc7 8. Bd3
e6 9. Qf3 Bb7 10. g4 Nc6 11. Nb3 b4 12. axb4 Nxb4 13. Be3 h5 14. g5 Nd7 15. g6
f5 16. Qh3 Nf6 17. Ra4 Nxd3+ 18. cxd3 fxe4 19. Qxe6+ Qe7 20. Qxe7+ Bxe7 21. Na5
Bc8 22. dxe4 Bd7 23. Rd4 Ng4 24. Bc1 O-O 25. e5 Bh4+ 26. Kd2 Bf2 27. Rxd6 Be3+
28. Ke2 Bxc1 29. Rxc1 Bb5+ 30. Nxb5 axb5 31. Nc6 Rxf4 32. Rcd1 Rf2+ 33. Kd3
Rxb2 34. Kc3 Rf2 35. h3 Ne3 36. R1d4 b4+ 37. Kd3 Ra3+ 38. Ke4 Rf8 39. Ne7+ Kh8
40. Rd8 Ra8 41. Rxf8+ Rxf8 42. Kxe3 Re8 43. Rxb4 Ra8 44. Rh4 Ra3+ 45. Kd2 Rd3+
46. Ke1 Rd1+ 1/2-1/2

[Event "4NCL-9899B GD-WG2"]
[Site "Rd10-Birmingham"]
[Date "1999.05.02"]
[Round "10.1"]
[White "Varley, Peter"]
[Black "Law, Andrew"]
[Result "1/2-1/2"]
[WhiteElo "2273"]
[BlackElo "2328"]
[PlyCount "26"]
[EventDate "1999.05.02"]

1. e4 e5 2. Nc3 Nf6 3. Nf3 Nc6 4. Bb5 Nd4 5. Ba4 Bc5 6. Nxe5 O-O 7. Nd3 Bb6 8.
e5 Ne8 9. Nd5 d6 10. Ne3 c6 11. c3 Nf5 12. Bc2 Nxe3 13. dxe3 Qg5 1/2-1/2

[Event "4NCL-9899B GD-WG2"]
[Site "Rd10-Birmingham"]
[Date "1999.05.02"]
[Round "10.2"]
[White "Norris, Alan"]
[Black "Powell, J Lloyd"]
[Result "1/2-1/2"]
[WhiteElo "2332"]
[BlackElo "2152"]
[PlyCount "45"]
[EventDate "1999.05.02"]

1. d4 Nf6 2. Nf3 g6 3. Nc3 d5 4. Bf4 Bg7 5. e3 O-O 6. Be2 c5 7. O-O Nc6 8. Ne5
cxd4 9. exd4 Bf5 10. Qd2 Rc8 11. Rfd1 Qb6 12. Na4 Qd8 13. c3 Ne4 14. Qe1 Qa5
15. Nxc6 Rxc6 16. Nc5 Nxc5 17. b4 Qa3 18. bxc5 e5 19. Be3 b6 20. Bb5 Rcc8 21.
cxb6 axb6 22. dxe5 Bxe5 23. Bd4 1/2-1/2

[Event "4NCL-9899B GD-WG2"]
[Site "Rd10-Birmingham"]
[Date "1999.05.02"]
[Round "10.3"]
[White "Heymann, Ulrike"]
[Black "Tiller, Bjorn"]
[Result "1/2-1/2"]
[WhiteElo "2156"]
[BlackElo "2377"]
[PlyCount "62"]
[EventDate "1999.05.02"]

1. e4 e6 2. d4 d5 3. Nc3 Bb4 4. e5 Qd7 5. Bd3 b6 6. Qe2 c5 7. dxc5 bxc5 8. Bb5
Nc6 9. Bd2 Nge7 10. Nf3 Rb8 11. a3 Ba5 12. b4 cxb4 13. Na2 Qb7 14. Nd4 O-O 15.
Nxc6 Nxc6 16. Bxc6 Qxc6 17. Nxb4 Bxb4 18. axb4 Qxc2 19. O-O a6 20. Rfc1 Qf5 21.
Ra3 Bb7 22. Qe3 Rfd8 23. Qd4 Qe4 24. Be3 Bc8 25. Rac3 Bd7 26. Qxe4 dxe4 27. Bc5
Rbc8 28. Be7 Rxc3 29. Rxc3 Re8 30. Bd6 Bb5 31. h4 h5 1/2-1/2

[Event "4NCL-9899B GD-WG2"]
[Site "Rd10-Birmingham"]
[Date "1999.05.02"]
[Round "10.4"]
[White "Lee, Graham"]
[Black "Saunders, W Nigel"]
[Result "1-0"]
[WhiteElo "2319"]
[BlackElo "2157"]
[PlyCount "99"]
[EventDate "1999.05.02"]

1. e4 e6 2. d4 d5 3. e5 c5 4. c3 Ne7 5. Nf3 Nbc6 6. Bd3 Bd7 7. Be3 cxd4 8. cxd4
Nf5 9. Bxf5 exf5 10. Nc3 Bb4 11. Rc1 O-O 12. O-O Bxc3 13. Rxc3 Be6 14. Qd2 Qd7
15. h4 Rfc8 16. h5 Ne7 17. Rfc1 Rxc3 18. Rxc3 Rc8 19. h6 Rxc3 20. Qxc3 Ng6 21.
Bg5 Qc6 22. Qxc6 bxc6 23. Kf1 Nf8 24. hxg7 Kxg7 25. Be7 Nd7 26. Ne1 f6 27.
Bxf6+ Nxf6 28. exf6+ Kxf6 29. Nd3 Ke7 30. Ke2 Kd6 31. Ke3 h6 32. Kf4 Bg8 33.
Nc5 Bh7 34. a3 Bg6 35. b3 Bh7 36. b4 Bg6 37. Nd3 Ke6 38. Nc5+ Kd6 39. f3 Bh7
40. Nd3 Bg8 41. Ne5 Be6 42. Ng6 a5 43. Nh4 axb4 44. axb4 Kc7 45. Nxf5 Bxf5 46.
Kxf5 Kb6 47. Ke5 Kb5 48. f4 Kxb4 49. f5 c5 50. f6 1-0

[Event "4NCL-9899B GD-WG2"]
[Site "Rd10-Birmingham"]
[Date "1999.05.02"]
[Round "10.5"]
[White "Miles, Richard"]
[Black "Tan, Desmond"]
[Result "1/2-1/2"]
[WhiteElo "2084"]
[BlackElo "2165"]
[PlyCount "53"]
[EventDate "1999.05.02"]

1. d4 Nf6 2. Nf3 e6 3. c4 c5 4. d5 d6 5. Nc3 exd5 6. cxd5 g6 7. e4 Bg7 8. Bg5
a6 9. a4 Bg4 10. Be2 Bxf3 11. Bxf3 Nbd7 12. O-O O-O 13. Be2 Re8 14. Qc2 h6 15.
Bh4 g5 16. Bg3 Qe7 17. f3 Nh5 18. Bf2 f5 19. exf5 Nf4 20. Bd3 Nxd3 21. Qxd3 Ne5
22. Qc2 Qf7 23. Rac1 Rf8 24. Ne4 Rad8 25. f6 Bxf6 26. Nxf6+ Qxf6 27. Bg3
1/2-1/2